000 00608nam a2200229 i 4500
001 bgj
100 1 _aNAUNTON, Jon.
245 1 0 _aThink First Certificate /
_cJon Naunton.
250 _a[4rd impr.].
260 _aHarlow, Essex :
_bLongman,
_c1990.
300 _a185 pp :
_bill. ;
_c26 cm.
500 _a1st published in 1989.
505 _aIncludes tapescripts.
650 9 _aEnglish language
655 _aTextbooks for foreigners
020 _a0582559839 (pbk)
040 _cBPK
041 0 _aeng
920 _a0-582-55983-9 (pbk)
942 _cKS
008 s uk f |000 0 eng
999 _c41336
_d41336
856 _uhttp://koha.tu.koszalin.pl/cgi-bin/koha/opac-detail.pl?biblionumber=41336
_yKatalog online BPK